Third five year plan progress report, 1962-63. (Record no. 62670)

MARC details
000 -LEADER
fixed length control field 00687cam a22002291 4500
001 - CONTROL NUMBER
control field sa 65002501
003 - CONTROL NUMBER IDENTIFIER
control field DLC
005 - DATE AND TIME OF LATEST TRANSACTION
control field 20260227112117.0
008 - FIXED-LENGTH DATA ELEMENTS--GENERAL INFORMATION
fixed length control field 880323s1964 ii a 000 0 eng
010 ## - LIBRARY OF CONGRESS CONTROL NUMBER
LC control number sa 65002501
025 ## - OVERSEAS ACQUISITION NUMBER
Overseas acquisition number PL480:I-E-E-678
035 ## - SYSTEM CONTROL NUMBER
System control number (OCoLC)17665162
040 ## - CATALOGING SOURCE
Original cataloging agency DLC
Transcribing agency WaU
Modifying agency WaU
-- DLC
042 ## - AUTHENTICATION CODE
Authentication code premarc
050 00 - LIBRARY OF CONGRESS CALL NUMBER
Classification number HC437.M28
Item number A57
110 1# - MAIN ENTRY--CORPORATE NAME
Corporate name or jurisdiction name as entry element Madhya Pradesh (India).
Subordinate unit Directorate of Economics and Statistics.
245 10 - TITLE STATEMENT
Title Third five year plan progress report, 1962-63.
260 ## - PUBLICATION, DISTRIBUTION, ETC.
Place of publication, distribution, etc. [Bhopal,
Date of publication, distribution, etc. 1964]
300 ## - PHYSICAL DESCRIPTION
Extent 190 p.
Other physical details illus.
Dimensions 25 cm.
500 ## - GENERAL NOTE
General note Errata slip mounted on verso of t.p.
651 #0 - SUBJECT ADDED ENTRY--GEOGRAPHIC NAME
Geographic name Madhya Pradesh (India)
General subdivision Economic policy.

No items available.

Powered by Koha